书目信息 |
| 题名: |
女性阴部健康特别指南
|
|
| 作者: | 谢非 编著 | |
| 分册: | ||
| 出版信息: | 北京 中国妇女出版社 2006.12 |
|
| 页数: | 232页 | |
| 开本: | 23cm | |
| 丛书名: | ||
| 单 册: | ||
| 中图分类: | R711.72 | |
| 科图分类: | ||
| 主题词: | 外阴疾病--wai yin ji bing--防治 , 阴道疾病--yin dao ji bing--防治 | |
| 电子资源: | ||
| ISBN: | 7-80203-292-X | |
| 000 | 00933nam0 2200241 450 | |
| 001 | 012008555401 | |
| 005 | 20080515165205.31 | |
| 010 | @a7-80203-292-X@dCNY30.00 | |
| 100 | @a20080515d2006 em y0chiy0120 ea | |
| 101 | 0 | @achi |
| 102 | @aCN@b110000 | |
| 105 | @ay z 000yy | |
| 106 | @ar | |
| 200 | 1 | @a女性阴部健康特别指南@Anu xing yin bu jian kang te bie zhi nan@f谢非编著@Fxie fei bian zhu |
| 210 | @a北京@c中国妇女出版社@d2006.12 | |
| 215 | @a232页@d23cm | |
| 330 | @a全书共分为4章,第一章讲述一个健康的女性应该具有怎样的阴部健康观,以及在日常生活中应该注意的问题;第二章是对阴部结构及功能的一个详述;第三章和第四章分别对女性各种常见的阴部不适症状和阴部疾病进行归类、分析,指导女性如何预防和面对。 | |
| 606 | 0 | @a外阴疾病@Awai yin ji bing@x防治 |
| 606 | 0 | @a阴道疾病@Ayin dao ji bing@x防治 |
| 690 | @aR711.72@v4 | |
| 701 | 0 | @a谢非@Axie fei@4编著 |
| 801 | 0 | @aCN@bQSSK@c20080515 |
| 905 | @b712240-41@dR711.72@eX433@f1 | |
| 女性阴部健康特别指南/谢非编著.-北京:中国妇女出版社,2006.12 |
| 232页;23cm |
| ISBN 7-80203-292-X:CNY30.00 |
| 全书共分为4章,第一章讲述一个健康的女性应该具有怎样的阴部健康观,以及在日常生活中应该注意的问题;第二章是对阴部结构及功能的一个详述;第三章和第四章分别对女性各种常见的阴部不适症状和阴部疾病进行归类、分析,指导女性如何预防和面对。 |
| ● |
| 相关链接 |
|
|
|
正题名:女性阴部健康特别指南
索取号:R711.72/X433
 
预约/预借
| 序号 | 登录号 | 条形码 | 馆藏地/架位号 | 状态 | 备注 |
| 1 | 712240 | 207122406 | 自科库401/401自科库 20排1列4层/ [索取号:R711.72/X433] | 在馆 | |
| 2 | 712241 | 207122415 | 自科库401/ [索取号:R711.72/X433] | 在馆 |